000 00250nam a22001217a 4500
082 _a891.4392
100 _aNaseem Hajazi
245 _aShaheen
260 _aLahore
_bJahangir Publisher
_c2010.
300 _b22cm
500 _aHardcover.
942 _cBK
999 _c33070
_d33070